Random Quiz 1# - Statistics

General Stats
  • This quiz has been taken 12 times
  • The average score is 5 of 15
Answer Stats
Question Answer % Correct
9. This gem is what you call a baseball field Diamond
82%
3.This nation is South America has 27 stars on their flag Brazil
73%
1.This western region of China famously wants independence Tibet
64%
14. This Microsoft CEO lives in Seattle Bill Gates
55%
6. This company's console known as the (blank) is owned by the same company that produces records Playstation
45%
12. A japanese dog is named after this animal known to steal trash Raccoon
45%
15. This celebrity plays "Owen" in Jurassic World Chris Pratt
27%
7. This sports biggest tournament is know as the "triple crown" Horse Racing
27%
2.This is the only nation to not have an official capital Nauru
18%
8. If you were playing (blank) you might say "Their backchecking" Hockey
9%
11. This is what allows lizards and axolotls to regrow limbs and other body parts Stem Cells
9%
4. Known for its "fitness check" Wii Fit
9%
10.This fish has very human-like teeth Sheepfish
0%
13. If you were Jennifer Anniston you would appear in this snack company's commercials Skinny Pop
0%
5. This name is given to the three biggest video games (Minecraft, Fortnite and Roblox) The Big Three
0%
No matching quizzes found
Score Distribution
Percent of People with Each Score
Percentile by Number Answered
Your Score History
You have not taken this quiz